000 00298nam a22001337a 4500
008 171009b xxu||||| |||| 00| 0 eng d
020 _a9780521781886
041 _aeng
080 _a159.9
100 _a49
101 _a49
245 _aUNCERTAIN SCIENCE WORLD
_cPOLLAK.H.N
942 _2udc
_cBK
999 _c32569
_d32569